Normal view
MARC view
Entry Topical Term
001 - CONTROL NUMBER
- control field: 52948
003 - CONTROL NUMBER IDENTIFIER
- control field: ARRUPE
005 - DATE AND TIME OF LATEST TRANSACTION
- control field: 20260312102853.0
008 - FIXED-LENGTH DATA ELEMENTS
- fixed length control field: 260312|| aca||aabn | a|a d
040 ## - CATALOGING SOURCE
- Original cataloging agency: ARRUPE
- Transcribing agency: ARRUPE
150 ## - HEADING--TOPICAL TERM
- Topical term or geographic name as entry element: Academic Research
- Geographic subdivision: Zimbabwe
- General subdivision: Popular works
670 ## - SOURCE DATA FOUND
- Source citation: Work cat.: (ARRUPE)131978: Research made easy /, 2025